Science Quiz

Random Science or Chemistry Quiz
Score 0/21 Timer 10:00
0 Plays Today
Jumbled Word Answer % Correct
SGAGAS
99.9%
RQAKUQUARK
88.1%
NODSBBONDS
79%
YEERNGENERGY
78.1%
MOTIAC BRUNMEATOMIC NUMBER
56.2%
SCTTALAYCATALYST
50.8%
LOMEELUCMOLECULE
50.4%
CNAIGRO NUPDOMOCORGANIC COMPOUND
50.4%
CHOOLLAALCOHOL
49.7%
IINOFSUDFDIFFUSION
46.4%
SYOCIISVTVISCOSITY
45.7%
Jumbled Word Answer % Correct
VONETLSSOLVENT
45.1%
XUIMTERMIXTURE
44.4%
ERETAGNREAGENT
43.3%
ESRPERUSPRESSURE
41.9%
TAAETRCNREACTANT
40.7%
UOORDNCCTCONDUCTOR
40.6%
MEOCXHTREIEXOTHERMIC
36.3%
NPRAAZVOITIO VAPORIZATION
36.2%
OUTNNRENEUTRON
34.4%
NMMIEYDOHSTARCTHERMODYNAMICS
31.3%
Remove Ads.
Support Sporcle.
Get the best of Sporcle when you Go Orange. This ad-free experience offers more features, more stats, and more fun while also helping to support Sporcle. Thank you for becoming a member.

You're not logged in!

Compare scores with friends on all Sporcle quizzes.
OR
Log In

Show Comments

Extras

Top Quizzes Today


Score Distribution

Your Account Isn't Verified!

In order to create a playlist on Sporcle, you need to verify the email address you used during registration. Go to your Sporcle Settings to finish the process.

Report this User

Report this user for behavior that violates our Community Guidelines.

Details: